Lắp ráp cấu kiện bailey trong các công trình giao thông và xây dựng dân dụng

שמור ב:
מידע ביבליוגרפי
מחבר ראשי: Phạm, Quang Phật
פורמט: ספר
שפה:Undetermined
יצא לאור: Đồng Nai Nhà xuất bản Đồng Nai 2002
נושאים:
תגים: הוספת תג
אין תגיות, היה/י הראשונ/ה לתייג את הרשומה!
Thư viện lưu trữ: Trung tâm Học liệu Trường Đại học Cần Thơ
LEADER 00670nam a2200205Ia 4500
001 CTU_75048
008 210402s9999 xx 000 0 und d
020 |b 52000 
082 |a 624.2 
082 |b Ph124 
100 |a Phạm, Quang Phật 
245 0 |a Lắp ráp cấu kiện bailey trong các công trình giao thông và xây dựng dân dụng 
245 0 |c Phạm Quang Phật 
260 |a Đồng Nai 
260 |b Nhà xuất bản Đồng Nai 
260 |c 2002 
650 |a Bridges,Civil engineering 
650 |x Design and construction 
904 |i Tuyến,Hải 
980 |a Trung tâm Học liệu Trường Đại học Cần Thơ